=LDR 00000nam 2200000 4500 =001 NUTBA000000000000528 =005 20140325124706.0 =006 =007 =008 =020 ##$$a 978-602-8117--98-2 =035 ##$$a 0010-031400000000527 =082 ##$$a55.9 =100 ##$$aFLORETTA, CLAUDIA =245 ##$$aINFLUENCE =260 ##$$a JAKARTA $b PRESTASI PUSTAKA $c 2009 =300 ##$$a VIII, 202 HLM =440 ##$$aINFLUENCE =700 ##$$a FLORETTA, CLAUDIA =850 ##$$aNBPNMAT =990 ##$$a 91517/BPAP-NTB/2014